000 00337 a2200157 4500
001 188714
020 _a85-86629-06-5
040 _cMagnum
100 _aSales, Marli
240 1 0 _aOs segredos das águas
_lpor
245 1 0 _aOs segredos das águas
300 _a60
362 0 _a2006
697 _aEDUCAÇÃO AMBIENTAL
942 _cBK
999 _c188714
_d188714